Periodic Table - Non-metals - Statistics

General Stats
  • This quiz has been taken 64 times
  • The average score is 21 of 26
Answer Stats
# Element Symbol % Correct
2 Helium He
98%
1 Hydrogen H
98%
18 Argon Ar
96%
5 Boron B
96%
7 Nitrogen N
96%
8 Oxygen O
96%
14 Silicon Si
96%
6 Carbon C
94%
17 Chlorine Cl
94%
10 Neon Ne
94%
9 Flourine F
90%
54 Xenon Xe
90%
16 Sulfur S
88%
36 Krypton Kr
85%
32 Germanium Ge
83%
53 Iodine I
83%
35 Bromine Br
81%
15 Phosphorus P
79%
34 Selenium Se
77%
33 Arsenic As
67%
86 Radon Rn
60%
52 Tellurium Te
60%
85 Astatine At
58%
118 Oganesson Og
50%
117 Tennessine Ts
50%
51 Antimony Sb
44%
No matching quizzes found
Score Distribution
Percent of People with Each Score
Percentile by Number Answered
Your Score History
You have not taken this quiz